Animals Described Dumbly 2 - Statistics

General Stats
  • This quiz has been taken 39 times
  • The average score is 11 of 12
Answer Stats
Hint Answer % Correct
Cheese Eating Pest.Sometimes is a good chef Mouse/Rat
100%
Pink tallish bird that seems to be a fan of yoga or karate maybe? Flamingo
94%
Tall yellow and brown Creature.Would be amazing at basketball Giraffe
94%
Raw Bacon Pig
94%
A strong and Destructive horned Beast that has a very strong hatred for the color red Bull
91%
Red creature that likes to pinch people.Probably likes money too. Crab
91%
Super big gray behemoth of a creature.Has a big arm coming out of its face. Elephant
91%
Ice bird Penguin
88%
Slow,Slimy,Small Creature that's wearing armor Snail
88%
A colorful talking bird that might plunder towns on the weekend. Parrot
85%
Super Giggly dog thing Hyena
82%
Very Fat fish.Must be on a bulk.(Cut would go crazy though) Whale
79%
No matching quizzes found
Score Distribution
Percent of People with Each Score
Percentile by Number Answered
Your Score History
You have not taken this quiz